000 01142nam a2200253Ia 4500
999 _c52659
_d52659
001 19683
003 GE_BSU
005 20200325164722.0
008 181216s1964||||ge |||||||||||||| ||geo||
040 _cGE_BSU
041 _ageo
080 _a811.353.1 ქ-15
100 _aქავთარაძე, ივ.
_97787
245 _aქართული ენის ისტორიისათვის XII-XVIIსს. = История грузинского языка XII-XVIIвв. : 1 /
_cივ. ქავთარაძე ; რედ. : ვ.თოფურია.
264 _aთბილისი :
_bთბილ. უნ-ტის გამ-ბა,
_c1964.
300 _a403 გვ. ;
_c22 სმ.
520 _aრეზიუმე რუსულ ენაზე
541 _h3ლ.80თ.
653 _aქართული ენა
653 _aქართული ენის ისტორია
700 _aთოფურია, ვ.
_eრედაქტორი
_91040
710 _aთბილისის სახელმწიფო უნივერსიტეტი
_97788
942 _cBK
_2udc